000
00244nam a2200097Ia 4500
008
230907s9999||||xx |||||||||||||| ||und||
082
_a
620.50286,GRE
245
0
_a
Green photo-active nanomaterials :
300
_a
xvii, 414 pages :
942
_c
BK
999
_c
597947
_d
597947